| 000 | nam a22 7a 4500 | ||
|---|---|---|---|
| 999 |
_c28302 _d28301 |
||
| 003 | OSt | ||
| 005 | 20170519113818.0 | ||
| 008 | 170519b xxu||||| |||| 00| 0 eng d | ||
| 020 | _a9782070368075 | ||
| 040 |
_aMMU _beng _cMMU _dMMU |
||
| 050 | _aPQ2637. S2713 1947 | ||
| 100 | _aClos Huis | ||
| 245 |
_aJean -paul sartre/ _cHuis Clos |
||
| 260 |
_acanada: _bfolio, _c1947. |
||
| 300 | _a246 p,; | ||
| 942 |
_2lcc _cFICTION |
||